000 00776nam a2200229 i 4500
001 91808
003 ES-MaACL
005 20240527160108.0
007 t|
008 050217s2004 sp ||||1| spa d
020 _a84-95776-97-9
080 _a341.176(4-672 UE)
245 0 3 _aLa ilusión constitucional
_b: una crítica del proyecto de la convención y razones para una Europa alternativa /
_cXavier Pedro, Gerardo Pisarello (editores) ; Antonio Cantero ... [et al.].
260 _aBarcelona :
_bEl Viejo Topo,
_c[2004]
300 _a169 p. ;
_c22 cm.
610 2 0 _a
_9236702
700 1 _aPedrol, Xavier.
_989933
700 1 _aPisarello, Gerardo.
_992369
700 1 _aCantero, Antonio.
_934647
852 _aES-MaACL
_jL-28849
_bR.135248
999 _c91808
_d91808